000 00750nam a2200193 a 4500
003 0
005 20250424123706.0
008 080527s19uu xx 00 eng d
050 _aPHS LB 1628.P76
_b.T66 2005
100 _aTomas, Louise Marvin.
245 _aProfile of the fourth year students of Las Piñas National High School Annex /
_cLouise Marvin Tomas.
260 _aLas Piñas City, Philippines :
_bSouthville International School and Colleges,
_c2005.
300 _a48 pages ;
_c28 cm.
504 _aIncludes bibliographical references.
650 _aHigh school students
_zPhilippines
_zLas Piñas
_xStatistics.
650 _aSecondary education
_zPhilippines
_xCase studies.
650 _aStudent profiles
_zPhilippines.
942 _2lcc
_cPASS
999 _c97312
_d97312